Catálogo
 En Linea

Mujeres en el camino / (Registro nro. 35057)

Detalles MARC
000 -CABECERA
campo de control de longitud fija 02011nam a2200361 a 4500
001 - NÚMERO DE CONTROL
campo de control 000035566
003 - IDENTIFICADOR DEL NÚMERO DE CONTROL
campo de control DO-SdBNP
005 - FECHA Y HORA DE LA ÚLTIMA TRANSACCIÓN
campo de control 20220913093638.0
007 - CAMPO FIJO DE DESCRIPCIÓN FÍSICA--INFORMACIÓN GENERAL
campo de control de longitud fija ta
008 - DATOS DE LONGITUD FIJA--INFORMACIÓN GENERAL
campo de control de longitud fija 111103s2011 dr 000 0 spa d
020 ## - NÚMERO INTERNACIONAL ESTÁNDAR DEL LIBRO
Número Internacional Estándar del Libro 9789945164455
040 ## - FUENTE DE LA CATALOGACIÓN
Centro catalogador/agencia de origen DO-SdBNP
Lengua de catalogación spa
Centro/agencia transcriptor BNPHU
082 #4 - NÚMERO DE LA CLASIFICACIÓN DECIMAL DEWEY
Número de clasificación 306.362
Número de documento/Ítem M953e
Número de edición 22
245 00 - MENCIÓN DE TÍTULO
Título Mujeres en el camino /
Mención de responsabilidad, etc. prólogo, Bridget Wooding.
260 ## - PUBLICACIÓN, DISTRIBUCIÓN, ETC.
Lugar de publicación, distribución, etc. Santo Domingo :
-- Observatorio Migrante del Caribe,
Fecha de publicación, distribución, etc. 2011.
300 ## - DESCRIPCIÓN FÍSICA
Extensión 158 p. ;
Dimensiones 22 cm.
500 ## - NOTA GENERAL
Nota general Informe de estudio cualitativo sobre víctimas de trata / elaborado por Tahira Vargas García para la Organización Internacional para la Migraciones (OIM) -- Informe de estudio cualitativo sobre la trata de mujeres haitianas en República Dominicana tras el terremoto en Haití / elaborado por OBMICA para la Organización Internacional para las<br/>Migraciones (OIM).
500 ## - NOTA GENERAL
Nota general "Segundo estudio de la autoría de tres investigadores asociados de OBMICA, Cristina Santillán, Eddy Tejeda, y Jonathan Boyer"--p. 13.
500 ## - NOTA GENERAL
Nota general Incluye referencias bibliográficas y notas al pie de las páginas
504 ## - NOTA DE BIBLIOGRAFÍA, ETC.
Nota de bibliografía, etc. Bibliografía : p. 149 - 158
590 ## - NOTA LOCAL (RLIN)
Nota local Inventariado, 2022/MFF
650 #4 - PUNTO DE ACCESO ADICIONAL DE MATERIA--TÉRMINO DE MATERIA
Término de materia o nombre geográfico como elemento de entrada Víctimas de trata de personas
Subdivisión geográfica República Dominicana
9 (RLIN) 82339
650 #4 - PUNTO DE ACCESO ADICIONAL DE MATERIA--TÉRMINO DE MATERIA
Término de materia o nombre geográfico como elemento de entrada Delitos contra la mujer
Subdivisión geográfica República Dominicana
9 (RLIN) 12636
650 #4 - PUNTO DE ACCESO ADICIONAL DE MATERIA--TÉRMINO DE MATERIA
Término de materia o nombre geográfico como elemento de entrada Dominicanos (República Dominicana)
Subdivisión general Delitos contra
Subdivisión geográfica Países extranjeros
9 (RLIN) 82340
650 #4 - PUNTO DE ACCESO ADICIONAL DE MATERIA--TÉRMINO DE MATERIA
Término de materia o nombre geográfico como elemento de entrada Haitianos
Subdivisión general Delitos contra
Subdivisión geográfica República Dominicana
9 (RLIN) 82341
700 1# - PUNTO DE ACCESO ADICIONAL--NOMBRE DE PERSONA
Nombre de persona Wooding, Bridget
Término indicativo de función/relación pról.
-- ed.
9 (RLIN) 2231
700 1# - PUNTO DE ACCESO ADICIONAL--NOMBRE DE PERSONA
Nombre de persona Vargas, Tahira
Título de la obra Informe de estudio cualitativo sobre víctimas de trata.
9 (RLIN) 82342
700 1# - PUNTO DE ACCESO ADICIONAL--NOMBRE DE PERSONA
Nombre de persona Santillán, Cristina,
Título de la obra Informe de estudio cualitativo sobre la trata de mujeres haitianas en República Dominicana tras el terremoto en Haití.
9 (RLIN) 82343
710 2# - PUNTO DE ACCESO ADICIONAL--NOMBRE DE ENTIDAD CORPORATIVA
Nombre de entidad corporativa o nombre de jurisdicción como elemento de entrada Observatorio Migrantes del Caribe
9 (RLIN) 72831
710 2# - PUNTO DE ACCESO ADICIONAL--NOMBRE DE ENTIDAD CORPORATIVA
Nombre de entidad corporativa o nombre de jurisdicción como elemento de entrada International Organization for Migration.
9 (RLIN) 82344
910 ## - DATOS DE OPCIÓN DEL USUARIO (OCLC)
Datos de opción del usuario Validado. Control de calidad MFF
942 ## - ELEMENTOS DE PUNTO DE ACCESO ADICIONAL (KOHA)
Fuente del sistema de clasificación o colocación Dewey Decimal Classification
Tipo de ítem Koha Libro
Existencias
Estado de retiro Estado de pérdida Fuente del sistema de clasificación o colocación Restricciones de uso No para préstamo Código de colección Localización permanente Ubicación/localización actual Ubicación en estantería Fecha de adquisición Signatura topográfica completa Código de barras Fecha visto por última vez Número de copia Precio válido a partir de Tipo de ítem Koha
    Dewey Decimal Classification Préstamo en sala   Dominicana de Servicio Biblioteca Nacional Pedro Henríquez Ureña Biblioteca Nacional Pedro Henríquez Ureña Depósito 03.11.2011 BNPHU DS 306.362 M953e 35566-30 25.06.2020 e. 3 25.06.2020 Libro
    Dewey Decimal Classification Excluido de préstamo   Patrimonio Dominicano Biblioteca Nacional Pedro Henríquez Ureña Biblioteca Nacional Pedro Henríquez Ureña Depósito 03.11.2011 BNPHU PD 306.362 M953e 35566-10 25.06.2020   25.06.2020 Libro
    Dewey Decimal Classification Excluido de préstamo   Patrimonio Dominicano Biblioteca Nacional Pedro Henríquez Ureña Biblioteca Nacional Pedro Henríquez Ureña Depósito 03.11.2011 BNPHU PD 306.362 M953e 35566-20 25.06.2020 e. 2 25.06.2020 Libro

Con tecnología Koha